| 000 | 01036nas a2200289 4500 | ||
|---|---|---|---|
| 001 | BR8400719 | ||
| 003 | BR-BrBNA | ||
| 005 | 20231205085801.0 | ||
| 007 | ta | ||
| 008 | 230509b bl.|||p| |||| 00| 00por d | ||
| 040 |
_aBR-BrBNA _bpor _cBiblioteca Nacional de Agricultura |
||
| 041 | _a(Pt) | ||
| 072 | _aH20 | ||
| 100 | 1 | _aKimura, O. | |
| 100 | 1 | _aDianese, J.C. | |
| 245 | 1 | _aCaracterizacao proteica e isoenzimatica das patovares de Xanthomonas campestris que atacam a mandioca [Manihot esculenta, podridao negra] | |
| 246 | 1 | _aProteic isoenzymic characterization of the pathovars of Xanthomonas campestris which attack cassava [Manihot esculenta, black rot] | |
| 650 | _aMANDIOCA | ||
| 650 | _aPODRIDAO NEGRA | ||
| 650 | _aFOSFATASE ACIDA | ||
| 650 | _aFOSFATASE ALCALINA | ||
| 650 | _aPROTEINA | ||
| 650 | _aANALISE QUIMICA | ||
| 773 | 0 |
_tPesquisa Agropecuaria Brasileira (Brazil) _xISSN 0100-204X _g(Nov 1983), v. 18(11) p. 1215-1228 _wBR8400719 |
|
| 909 |
_a202311 _bLúcia _c55 _dLúcia Elande |
||
| 942 |
_2AGRIS _n0 _cANA |
||
| 999 |
_c113782 _d113782 |
||